00400nam a2200109 a 450000100100000000500170001000800410002704000250006824500770009326000760017030000440024600003874520201002031345.0130419s2006 dr 000 0 spa d aDO-SdBNPbspacBNPHU00aPor la superación de la pobreza y la equidad social :bmemoria 2006 /. aSanto Domingo :bCentro de Estudios Sociales ;bCentro Montalvo,c2006. a46 p. :bil., gráf., retrs. ;c29 cm.